A kapitalizmus és a polgári erény
Elmentve itt :
| Szerző: | |
|---|---|
| További közreműködők: | |
| Adatforrás: | Philobibl |
| Dokumentumtípus: | Könyv |
| Nyelv: | magyar |
| Kulcsszavak: | politikaelmélet demokrácia liberalizmus posztmodern |
| Megjelent: |
Pozsony
Kalligram K.- Balassi
1994
|
| LEADER | 00504nam a2200169 c 4500 | ||
|---|---|---|---|
| 001 | bibDOK00000076 | ||
| 005 | 20200924115635.2 | ||
| 008 | 060518s1994 xo hun | ||
| 100 | 1 | |a Belohradsky, Václáv | |
| 245 | 1 | 2 | |a A kapitalizmus és a polgári erény |c Belohradsky, Václáv ; [ford. Dévai Mária et al.] |
| 260 | |a Pozsony |b Kalligram K.- Balassi |c 1994 | ||
| 300 | |a 287 p. | ||
| 695 | |a politikaelmélet | ||
| 695 | |a demokrácia | ||
| 695 | |a liberalizmus | ||
| 695 | |a posztmodern | ||
| 700 | 1 | |a Dévai Mária | |